000 00811nam a22002297a 4500
003 OSt
005 20230125140751.0
008 220916b |||||||| |||| 00| 0 eng d
020 _a0 88397 042 2
040 _cBiblioteca Lado V
082 _a750
_bF281j
100 _9616
_aFaxon, Alicia
_ecuradora
245 _aJean-Louis Forman/
_bArtist, Realist, Humanist/
260 _aBaltimore
_bInternational Exhibitions Foundation
_c1983
300 _a60p.
_c23x26cm
650 _2Tesauro de Arte & Arquitectura
_aCATALOGO
650 _2Tesauro de Arte & Arquitectura
_aPINTURA
650 _2Tesauro de Arte & Arquitectura
_aJEAN-LOUIS FORAIN
650 _2Tesauro de Arte & Arquitectura
_aREALISMO
650 _2Tesauro de Arte & Arquitectura
_aHUMANISTA
942 _2ddc
_c1
_h750
_iF281j
_n0
999 _c2883
_d2883